Loty bez przerw do Nowej Zelandii - Statystyki

Ogólne statystyki
  • Ten quiz został rozwiązany 115 razy
  • Średni wynik to 21 z 39
Odpowiedzi na mapie
Odpowiedzi zakodowano w zielono-czerwonej skali na mapie do tego quizu, zgodnie z poniższymi procentami.
 
Statystyki odpowiedzi
Miejsce docelowe % Poprawnych
Pekin
96%
Sydney
93%
Tokio - Narita
93%
Nowy Jork
92%
Los Angeles
89%
Seul
89%
Chicago - O'Hare
87%
Szanghaj
84%
San Francisco
82%
Santiago
82%
Singapur
82%
Dubaj
78%
Melbourne
78%
Perth
77%
Tajpej - Taoyuan
73%
Dallas - Fort Worth
69%
Hongkong
69%
Kuala Lumpur
69%
Honolulu
68%
Vancouver
68%
Doha
65%
Kanton
61%
Houston
60%
Brisbane
53%
Adelaide
47%
Hobart
35%
Denpasar (Bali)
32%
Gold Coast
20%
Apia
19%
Port Vila
16%
Numéa
14%
Nuku'alofa
13%
Cairns
12%
Norfolk
10%
Nadi
9%
Pape'ete
8%
Sunshine Coast
8%
Alofi (Niue)
7%
Rarotonga
4%
Nie znaleziono quizów pasujących do podanych kryteriów
Rozkład punktacji
Procent ludzi z każdym wynikiem
Percentyl według liczby udzielonych odpowiedzi
Twoja historia wyników
Nie rozwiązałeś tego quizu